000 00629nam a2200277Ia 4500
005 20260324115505.0
008 008 260324s9999 xx 000 0 eng d
020 _a9781315294001
037 _aEBOOK
040 _aCRL
040 _beng
040 _cCRL
041 _2eng
041 _aeng
084 _qCRL
100 _aBruce Hofkin
_91154867
245 0 _aLiving in a Microbial World
260 _bTaylor and Francis
260 _c2017
365 _a
365 _b29.5
856 _uhttp://www.taylorfrancis.com/books/9781315294001
942 _cEBOOK
999 _c1745787
_d1745787